[Event "SZCZYRK OPEN - TURNIEJ Z OKAZJI SWIETA NIEPODLEGLOSCI - BLITZ 3'+2'' "]
[Site "Szczyrk"]
[Date "2018-11-11"]
[Round "2.63"]
[White "Pisarek, Jan "]
[Black "Wozniak, Mateusz "]
[Result "1-0"]
[WhiteTitle ""]
[BlackTitle ""]
[WhiteElo "1256"]
[BlackElo "1106"]

1. e4 c5 2. Nf3 d6 3. d4 cxd4 4. Nxd4 Nf6 5. Nc3 e5 6. Nb3 Be7 7. Bg5 Be6 8. Bd3
O-O 9. Qe2 Nc6 10. O-O Nxe4 11. Bxe7 Nxc3 12. Qh5 g6 13. Qxh7+ Kxh7 14. Bxd8 Raxd8
15. bxc3 Kg7 16. f4 exf4 17. Rxf4 Ne5 18. Nd4 Bd5 19. Raf1 Rh8 20. a4 Rh7 21.
h3 Rdh8 22. Nb5 Nxd3 23. cxd3 f5 24. Rd4 Bc6 25. Rxd6 Re8 26. d4 Be4 27. Rd7+
Kh6 28. Rxh7+ Kxh7 29. Nd6 Re7 30. Re1 Kg7 31. Nxe4 Rxe4 32. Rxe4 fxe4 33. Kf2
Kf6 34. Ke3 Kf5 35. c4 Ke6 36. Kxe4 g5 37. g4 Kd6 38. Kf5 a6 39. Kxg5 b5 40. cxb5
axb5 41. axb5 Kd5 42. b6 Kxd4 43. b7 Kd5 44. b8=Q 1-0

[Event "SZCZYRK OPEN - TURNIEJ Z OKAZJI SWIETA NIEPODLEGLOSCI - BLITZ 3'+2'' "]
[Site "Szczyrk"]
[Date "2018-11-11"]
[Round "2.64"]
[White "Bochenek, Ryszard"]
[Black "Sidlo, Szymon"]
[Result "1-0"]
[WhiteTitle ""]
[BlackTitle ""]
[WhiteElo "1252"]
[BlackElo "1103"]

1. d4 e6 2. Nf3 d5 3. g3 c5 4. Bg2 Nc6 5. O-O Nf6 6. b3 Be7 7. Bb2 O-O 8. c4 dxc4
9. bxc4 cxd4 10. Nxd4 Qb6 11. Nxc6 bxc6 12. Qc2 Rd8 13. Nc3 Ba6 14. Rab1 Qc7 15.
Ne4 Nxe4 16. Qxe4 Rab8 17. Qg4 e5 18. f4 Bd6 19. fxe5 Bxe5 20. Bxe5 Qxe5 21. Rxb8
Rxb8 22. Bxc6 Qc5+ 23. Kh1 Qxc6+ 24. e4 Qxc4 25. Rd1 Bb7 26. Re1 Qc3 27. Rd1 Qc2
28. Re1 Qd2 1-0

[Event "SZCZYRK OPEN - TURNIEJ Z OKAZJI SWIETA NIEPODLEGLOSCI - BLITZ 3'+2'' "]
[Site "Szczyrk"]
[Date "2018-11-11"]
[Round "2.65"]
[White "Karwot, Marek"]
[Black "Lokaj, Bartlomiej"]
[Result "0-1"]
[WhiteTitle ""]
[BlackTitle ""]
[WhiteElo "1078"]
[BlackElo "1252"]

1. e4 e5 2. Nf3 Nc6 3. Bb5 a6 4. Bxc6 dxc6 5. O-O Bd6 6. d3 Bg4 7. Be3 Ne7 8. Nbd2
O-O 9. h3 Bh5 10. c3 f5 11. exf5 Nxf5 12. Bg5 Ne7 13. Bxe7 Qxe7 14. Qc2 Kh8 15.
Rfe1 Qf6 16. Ne4 Qe6 17. Nxd6 cxd6 18. Ng5 Qg6 19. Ne4 Bf3 20. Ng3 Bd5 21. c4
Be6 22. Re2 h5 23. Kh2 Bf5 24. Nxf5 Qxf5 25. Rf1 d5 26. cxd5 cxd5 27. Qb3 d4 28.
Qa3 Rfe8 29. f3 Qf4+ 30. Kg1 Rac8 31. Rfe1 Rc1 32. Kf2 Rxe1 33. Rxe1 Qh4+ 34.
Kf1 Qg3 35. Kg1 Qxe1+ 36. Kh2 Qe3 37. Qd6 Qf4+ 38. Kg1 Rc8 0-1

[Event "SZCZYRK OPEN - TURNIEJ Z OKAZJI SWIETA NIEPODLEGLOSCI - BLITZ 3'+2'' "]
[Site "Szczyrk"]
[Date "2018-11-11"]
[Round "2.66"]
[White "Zmuda, Piotr "]
[Black "Jakubiec, Maurycy"]
[Result "0-1"]
[WhiteTitle ""]
[BlackTitle ""]
[WhiteElo "1250"]
[BlackElo "1093"]

1. Nf3 Nf6 2. Nc3 Nc6 3. e4 e5 4. h3 Bc5 5. a3 O-O 6. b4 Bb6 7. Bb2 d6 8. Qe2 Be6
9. O-O-O Qd7 10. h4 h5 11. Nd5 Bxd5 12. exd5 Nxd5 13. Ng5 f6 14. Ne4 Qf5 15. d3
Nd4 16. Bxd4 Bxd4 17. f3 Nc3 18. Qd2 Nxe4 19. fxe4 Qe6 20. c4 c5 21. g4 Qxg4 22.
Bh3 Qf4 23. Rhg1 Qxd2+ 24. Kxd2 Bxg1 25. Rxg1 b6 26. Bg2 a5 27. b5 g5 28. Bf3
g4 29. Be2 Kh7 30. Rg2 f5 31. exf5 Rxf5 32. Ke3 Raf8 33. Ke4 Rf2 34. Rxf2 Rxf2
35. Bd1 g3 36. Ke3 Rf4 37. Bf3 Kg6 38. Bg2 Kf5 39. a4 Kg4 40. Ke2 Kxh4 41. Ke3
Kg4 42. Ke2 h4 0-1

[Event "SZCZYRK OPEN - TURNIEJ Z OKAZJI SWIETA NIEPODLEGLOSCI - BLITZ 3'+2'' "]
[Site "Szczyrk"]
[Date "2018-11-11"]
[Round "2.67"]
[White "Cwiklinski, Jacek"]
[Black "Dumin, Karolina"]
[Result "1-0"]
[WhiteTitle ""]
[BlackTitle ""]
[WhiteElo "1245"]
[BlackElo "1078"]

1. e4 e6 2. Nf3 b6 3. d4 Bb7 4. Nc3 Bb4 5. Bd2 Bxc3 6. Bxc3 Bxe4 7. Bd3 Bxd3 8.
Qxd3 Nf6 9. Qd2 O-O 10. O-O-O Nc6 11. h4 Ne4 12. Qe3 Nxc3 13. Qxc3 Qe7 14. h5
Na5 15. g4 c6 16. g5 c5 17. dxc5 bxc5 18. h6 gxh6 19. gxh6 f6 20. Rdg1+ Kf7 21.
Rg7+ Ke8 22. Rxe7+ Kxe7 23. Qxa5 f5 24. Qxc5+ Kf7 25. Rg1 Kf6 26. Qe5+ Ke7 27.
Rg7+ Ke8 28. Nd4 Rf7 29. Rxf7 Kxf7 30. Qg7+ Ke8 31. Qg8+ Ke7 32. Qxa8 Kf6 33.
Qh8+ Kg6 34. Qf8 Kh5 35. Qg7 d5 1-0

[Event "SZCZYRK OPEN - TURNIEJ Z OKAZJI SWIETA NIEPODLEGLOSCI - BLITZ 3'+2'' "]
[Site "Szczyrk"]
[Date "2018-11-11"]
[Round "2.68"]
[White "Mansz, Martyna "]
[Black "Kotowicz, Kamil"]
[Result "0-1"]
[WhiteTitle ""]
[BlackTitle ""]
[WhiteElo "1066"]
[BlackElo "1243"]

1. g3 Nf6 2. f4 d5 3. Nf3 g6 4. e3 Bg7 5. Nc3 c6 6. d4 Ne4 7. Nxe4 dxe4 8. Nd2
f5 9. g4 e6 10. gxf5 exf5 11. Bc4 Qd6 12. b3 Be6 13. a4 c5 14. dxc5 Qxc5 15. Bxe6
Bxa1 16. c3 Bxc3 17. Qc2 Qxe3+ 18. Kd1 Nc6 19. Bd5 Rd8 20. Bxc6+ bxc6 21. Re1
Qd4 22. Ba3 Qxd2+ 23. Qxd2 Rxd2+ 24. Kc1 Ra2 25. Re3 Bd2+ 26. Kd1 Bxe3 27. Bd6
Kd7 28. Be5 Ke6 29. Bxh8 Rxh2 30. Be5 h5 31. Bb8 h4 32. Bc7 h3 33. Ba5 Rg2 34.
Be1 h2 35. b4 h1=Q 36. b5 Rd2+ 37. Kc1 Qxe1# 0-1

[Event "SZCZYRK OPEN - TURNIEJ Z OKAZJI SWIETA NIEPODLEGLOSCI - BLITZ 3'+2'' "]
[Site "Szczyrk"]
[Date "2018-11-11"]
[Round "2.69"]
[White "Tomaszewski, Kamil "]
[Black "Werner, Kacper "]
[Result "0-1"]
[WhiteTitle ""]
[BlackTitle ""]
[WhiteElo "1055"]
[BlackElo "1240"]

1. e4 c5 2. Nf3 d6 3. Nc3 g6 4. Bc4 Bg7 5. O-O Nc6 6. d3 Nf6 7. Re1 a6 8. h3 b5
9. Bb3 Rb8 10. a4 b4 11. Ne2 O-O 12. Ng3 a5 13. Bd2 Ba6 14. c3 bxc3 15. bxc3 Bxd3
16. Re3 Ba6 17. Rb1 c4 18. Bc2 Rxb1 19. Qxb1 Qc7 20. Qa2 Nd7 21. Re1 Rb8 22. Nh2
Nc5 23. Ng4 Nb3 24. Bxb3 cxb3 25. Qa3 b2 26. Rb1 Qb7 27. Bh6 Bd3 28. Rxb2 Qxb2
29. Qxb2 Rxb2 30. Bxg7 Kxg7 31. Ne3 Ra2 32. c4 Rxa4 33. Nd1 Bxc4 34. Nb2 Rb4 35.
Nd1 a4 36. Ne3 a3 37. Nxc4 Rxc4 38. Ne2 a2 39. Kh2 a1=Q 40. Ng3 Qe5 41. f3 h5
42. h4 Rc2 43. Kh3 Nd4 44. Kh2 Ne2 45. Kh1 Rc1+ 46. Nf1 Rxf1# 0-1

[Event "SZCZYRK OPEN - TURNIEJ Z OKAZJI SWIETA NIEPODLEGLOSCI - BLITZ 3'+2'' "]
[Site "Szczyrk"]
[Date "2018-11-11"]
[Round "2.70"]
[White "Karut, Kacper"]
[Black "Krasniewski, Piotr "]
[Result "1-0"]
[WhiteTitle ""]
[BlackTitle ""]
[WhiteElo "1238"]
[BlackElo "1062"]

1. e4 d6 2. d4 g6 3. Nf3 Bg7 4. Nc3 Nf6 5. Bd3 O-O 6. O-O c6 7. Be3 b5 8. e5 dxe5
9. Nxe5 Nfd7 10. Nxd7 Bxd7 11. Be4 f5 12. Bf3 e5 13. dxe5 Bxe5 14. Rb1 Qc7 15.
g3 h5 16. Nxb5 Qd8 17. Nxa7 Rxa7 18. Bxa7 Qa5 19. Bxb8 Bxb8 20. Qxd7 Rd8 21. Qxc6
Rc8 22. Qxg6+ Kh8 23. Qxh5+ Kg7 24. Qg5+ Kh8 25. Qf6+ Kh7 26. Bh5 Rg8 27. Bf7
Rxg3+ 28. hxg3 1-0

[Event "SZCZYRK OPEN - TURNIEJ Z OKAZJI SWIETA NIEPODLEGLOSCI - BLITZ 3'+2'' "]
[Site "Szczyrk"]
[Date "2018-11-11"]
[Round "2.71"]
[White "Kowalska, Julia"]
[Black "Starosciak, Szymon "]
[Result "0-1"]
[WhiteTitle ""]
[BlackTitle ""]
[WhiteElo "1033"]
[BlackElo "1233"]

1. e4 c5 2. Nf3 d6 3. Nc3 Nc6 4. Bb5 Bd7 5. d3 g6 6. O-O Bg7 7. h3 a6 8. Ba4 b5
9. Bb3 b4 10. Na4 Qa5 11. Re1 Nd4 12. Nxd4 cxd4 13. Bf4 Bxa4 14. Bxa4+ Qxa4 15.
b3 Qc6 16. Qd2 e5 17. Bg5 h6 18. Bh4 Nf6 19. Qxb4 O-O 20. Rec1 Rab8 21. Qc4 Qxc4
22. dxc4 g5 23. Bg3 Nh5 24. Rab1 Nxg3 25. fxg3 f5 26. b4 fxe4 27. Re1 e3 28. c3
Rf2 29. cxd4 exd4 30. Red1 Rxa2 31. Rxd4 Bxd4 32. h4 Ra1 33. Rf1 e2+ 34. Rf2 e1=Q+
35. Kh2 Bxf2 36. Kh3 Qe2 37. h5 Rh1# 0-1

[Event "SZCZYRK OPEN - TURNIEJ Z OKAZJI SWIETA NIEPODLEGLOSCI - BLITZ 3'+2'' "]
[Site "Szczyrk"]
[Date "2018-11-11"]
[Round "2.72"]
[White "Guzik, Wojciech"]
[Black "Kubaszewski, Artur "]
[Result "1-0"]
[WhiteTitle ""]
[BlackTitle ""]
[WhiteElo "1224"]
[BlackElo "1050"]

1. d4 d5 2. e3 Nf6 3. Bd3 g6 4. f4 Bg7 5. Nf3 Nc6 6. c3 O-O 7. O-O Bg4 8. Nbd2
e6 9. e4 Qe8 10. e5 Nd7 11. Qe1 Rd8 12. Qg3 Bxf3 13. Nxf3 f6 14. Bd2 f5 15. Ng5
Bh6 16. h4 a5 17. a3 b6 18. Rf3 Na7 19. a4 c5 20. Qh3 Kg7 21. Raf1 cxd4 22. cxd4
Rc8 23. Bc3 b5 24. axb5 Nb6 25. Rg3 Nxb5 26. Bxb5 Qxb5 27. h5 Qc4 28. Nxe6+ 1-0

[Event "SZCZYRK OPEN - TURNIEJ Z OKAZJI SWIETA NIEPODLEGLOSCI - BLITZ 3'+2'' "]
[Site "Szczyrk"]
[Date "2018-11-11"]
[Round "2.73"]
[White "Walentyn, Zuzanna"]
[Black "Borsuk, Aleksandra "]
[Result "0-1"]
[WhiteTitle ""]
[BlackTitle ""]
[WhiteElo "1026"]
[BlackElo "1221"]

1. e4 e6 2. Nf3 d5 3. e5 c5 4. d4 Nc6 5. c3 Qb6 6. b3 cxd4 7. cxd4 Bb4+ 8. Bd2
Bxd2+ 9. Qxd2 Nge7 10. Nc3 O-O 11. Qd3 Nf5 12. Ng5 Qxd4 13. Qxd4 Ncxd4 14. Bd3
h6 15. Nh3 Bd7 16. O-O Rac8 17. Ne2 Bb5 18. Nxd4 Nxd4 19. Bxb5 Nxb5 20. a4 Nd4
21. Rab1 Rc3 22. b4 Rfc8 23. b5 Ra3 24. Ra1 Rxa1 25. Rxa1 Rc4 26. a5 Nxb5 27.
a6 b6 28. g3 Nc7 29. f3 Rc5 30. g4 f6 31. exf6 gxf6 32. f4 Ra5 33. Rc1 Rc5 34.
Ra1 Kf7 35. g5 Kg6 36. gxh6 Kxh6 37. Nf2 Rc4 38. Nd3 Kh5 39. Nb2 Rxf4 40. Na4
d4 41. Nb2 e5 42. Nd3 Rf3 43. Nb4 d3 44. Rd1 e4 45. Nc6 Nb5 46. Ne7 Re3 47. Nd5
Rf3 48. Nb4 Kg4 49. Na2 Nc7 50. Nc1 Nxa6 51. Nb3 Nc7 52. Nd4 b5 53. Nxf3 Kxf3
54. Kf1 a5 55. h4 a4 56. h5 Ne6 57. h6 Nf8 58. Rd2 a3 59. Rf2+ Ke3 60. Rxf6 d2
61. Rxf8 d1=Q+ 62. Kg2 Qg4+ 63. Kf1 Qh3+ 64. Ke1 Qh1+ 65. Rf1 Qxh6 66. Rf2 a2
67. Re2+ Kd3 68. Rd2+ Kc3 69. Rf2 Qh1+ 70. Ke2 a1=R 71. Ke3 Re1+ 72. Kf4 Qh4+
73. Kf5 Qxf2+ 74. Ke5 e3 75. Ke4 Qg2+ 76. Ke5 e2 77. Kf4 Rf1+ 78. Ke5 e1=R+ 79.
Kd6 Qd2+ 80. Kc5 Re5+ 81. Kb6 Qd6+ 82. Ka5 Ra1# 0-1

[Event "SZCZYRK OPEN - TURNIEJ Z OKAZJI SWIETA NIEPODLEGLOSCI - BLITZ 3'+2'' "]
[Site "Szczyrk"]
[Date "2018-11-11"]
[Round "2.74"]
[White "Bohdanowicz, Nikola"]
[Black "Gawlik, Olivier"]
[Result "0-1"]
[WhiteTitle ""]
[BlackTitle ""]
[WhiteElo "1220"]
[BlackElo "1026"]

1. d4 d5 2. c4 e6 3. Nf3 Nf6 4. Bg5 Be7 5. e3 Nbd7 6. Nc3 c6 7. Bd3 dxc4 8. Bxc4
O-O 9. O-O h6 10. Bh4 c5 11. d5 Nb6 12. e4 Nxc4 13. b3 Nb6 14. Rc1 exd5 15. exd5
Nbxd5 16. Nxd5 Qxd5 17. Bxf6 Qxd1 18. Rfxd1 Bxf6 19. Rxc5 Rd8 20. Rdc1 Bb2 21.
Rb1 b6 22. Rc7 Bf5 23. Re1 Rac8 24. Rce7 Bc3 25. Rf1 Bd3 26. Rd1 Ba6 27. Rb1 Ra8
28. h3 Bb4 29. Rc1 Bxe7 30. Rc7 Rd1+ 31. Kh2 Bd6+ 32. g3 Bxc7 33. h4 Bb7 34. Ng1
Rd2 35. Nh3 Bc8 36. a4 Bxh3 37. Kxh3 Rxf2 38. b4 Bd6 39. b5 a6 40. g4 Rh2# 0-1

[Event "SZCZYRK OPEN - TURNIEJ Z OKAZJI SWIETA NIEPODLEGLOSCI - BLITZ 3'+2'' "]
[Site "Szczyrk"]
[Date "2018-11-11"]
[Round "2.75"]
[White "Zalega, Joanna "]
[Black "Reszka, Zofia"]
[Result "0-1"]
[WhiteTitle ""]
[BlackTitle ""]
[WhiteElo "1015"]
[BlackElo "1219"]

1. d4 d5 2. c4 e6 3. Nc3 Nf6 4. Nf3 Nbd7 5. Bg5 Be7 6. e3 O-O 7. Bd3 b6 8. O-O
Bb7 9. Re1 c5 10. cxd5 exd5 11. Bxf6 Nxf6 12. Qc2 h6 13. b3 Rc8 14. Qd2 c4 15.
bxc4 dxc4 16. Be2 Ne4 17. Nxe4 Bxe4 18. Qc3 Bd5 19. Nd2 a5 20. a3 Qc7 21. Reb1
Bd8 22. Rb5 Be6 23. Rc1 Bd7 24. Rbb1 b5 25. a4 Qb7 26. axb5 Bxb5 27. Bxc4 a4 28.
Bxb5 Rxc3 29. Rxc3 Qe7 30. Bxa4 Bc7 31. Nb3 Rb8 32. Rcc1 Bd6 33. Nc5 Rxb1 34.
Rxb1 Bxc5 35. dxc5 Qxc5 36. h3 Qc4 37. Rb8+ Kh7 38. Rb2 Qxa4 39. Rb1 Qc2 40. Re1
Qd2 41. Kf1 Kg6 42. g3 Kf5 43. Ra1 g5 44. Kg2 h5 45. Rb1 Qd3 46. Rb7 f6 47. Rf7
Qd5+ 48. e4+ Qxe4+ 49. f3 Qe2+ 50. Kg1 Qe3+ 51. Kg2 Qe2+ 52. Kg1 Qa2 53. Rc7 Qa3
54. Rc2 Qe3+ 55. Kg2 g4 56. hxg4+ hxg4 57. fxg4+ Kxg4 58. Rf2 Qxg3+ 59. Kf1 Qxf2+
60. Kxf2 Kf4 61. Kf1 Kf3 62. Kg1 Ke2 63. Kg2 f5 64. Kg3 Ke3 65. Kg2 f4 66. Kf1
Kf3 67. Kg1 Ke2 68. Kg2 f3+ 69. Kg3 f2 70. Kg4 f1=Q 71. Kg5 Qf7 72. Kg4 Ke3 73.
Kg5 Ke4 74. Kg4 Qg7+ 75. Kh3 Kf3 76. Kh4 Qg4# 0-1

[Event "SZCZYRK OPEN - TURNIEJ Z OKAZJI SWIETA NIEPODLEGLOSCI - BLITZ 3'+2'' "]
[Site "Szczyrk"]
[Date "2018-11-11"]
[Round "2.76"]
[White "Rozek, Michal"]
[Black "Fic, Joanna"]
[Result "1-0"]
[WhiteTitle ""]
[BlackTitle ""]
[WhiteElo "1217"]
[BlackElo "1004"]

1. c4 e5 2. Nc3 Nf6 3. g3 d5 4. cxd5 Nxd5 5. Bg2 Be6 6. Nf3 Nc6 7. O-O Bc5 8. d3
O-O 9. Bg5 f6 10. Bd2 a6 11. Qc2 b5 12. Nxd5 Qxd5 13. Ng5 Qd6 14. Nxe6 Qxe6 15.
Qxc5 Nd4 16. Bd5 Qxd5 17. Qxd5+ Kh8 18. e3 Ne2+ 19. Kh1 Rad8 20. Qb3 e4 21. d4
c5 22. Rae1 c4 23. Qc2 Nxd4 24. exd4 Rxd4 25. Rxe4 Rxe4 26. Qxe4 f5 27. Qe7 Rc8
28. Bc3 Rg8 29. Re1 a5 30. Bxg7+ Rxg7 31. Qf8+ Rg8 32. Qf6+ Rg7 33. Re8# 1-0

[Event "SZCZYRK OPEN - TURNIEJ Z OKAZJI SWIETA NIEPODLEGLOSCI - BLITZ 3'+2'' "]
[Site "Szczyrk"]
[Date "2018-11-11"]
[Round "3.1"]
[White "Namyslak, Piotr"]
[Black "Warakomski, Tomasz "]
[Result "0-1"]
[WhiteTitle ""]
[BlackTitle ""]
[WhiteElo "1794"]
[BlackElo "2572"]

1. c4 e5 2. Nc3 Nf6 3. g3 c6 4. e4 d5 5. cxd5 cxd5 6. exd5 Nxd5 7. Bg2 Nb4 8. Nge2
Nd3+ 9. Kf1 Qb6 10. Ne4 Nc6 11. Qb3 Qxb3 12. axb3 f5 13. N4c3 Bc5 14. Nd5 O-O
15. Ne3 f4 16. Bd5+ Kh8 17. Nd1 Bh3+ 18. Kg1 f3 19. Nec3 Nd4 20. Ne3 Ne2+ 21.
Nxe2 fxe2 0-1

[Event "SZCZYRK OPEN - TURNIEJ Z OKAZJI SWIETA NIEPODLEGLOSCI - BLITZ 3'+2'' "]
[Site "Szczyrk"]
[Date "2018-11-11"]
[Round "3.2"]
[White "Plichta, Kamil "]
[Black "Dytman, Radoslaw "]
[Result "1-0"]
[WhiteTitle ""]
[BlackTitle ""]
[WhiteElo "2388"]
[BlackElo "1786"]

1. d4 d6 2. Bg5 g6 3. Nc3 Bg7 4. h4 h6 5. Bf4 Nf6 6. e3 Nbd7 7. Nf3 b6 8. a4 a6
9. Bc4 Bb7 10. Qe2 O-O 11. h5 g5 12. Bxg5 Ne4 13. Bh4 Qe8 14. Nd5 Bxd5 15. Bxd5
Nef6 16. Bxa8 Qxa8 17. Bxf6 Bxf6 18. Qc4 c5 19. d5 Ne5 20. Nxe5 Bxe5 21. c3 Kh8
22. Ke2 Rg8 23. g3 Qc8 24. Rh4 Bf6 25. Rf4 Qh3 26. Qe4 Qxh5+ 27. Kd2 Qg6 28. Qxg6
Rxg6 29. Ra3 Rg5 30. c4 Rh5 31. Rb3 e5 1-0

[Event "SZCZYRK OPEN - TURNIEJ Z OKAZJI SWIETA NIEPODLEGLOSCI - BLITZ 3'+2'' "]
[Site "Szczyrk"]
[Date "2018-11-11"]
[Round "3.3"]
[White "Demski, Michal "]
[Black "Jaroch, Karol"]
[Result "0-1"]
[WhiteTitle ""]
[BlackTitle ""]
[WhiteElo "1762"]
[BlackElo "2311"]

1. e4 c5 2. Nc3 d6 3. f4 Nc6 4. Nf3 a6 5. a4 Nf6 6. g3 e6 7. Bg2 Be7 8. O-O O-O
9. d3 Rb8 10. Be3 b5 11. axb5 axb5 12. h3 b4 13. Ne2 d5 14. e5 Nd7 15. Kh2 Bb7
16. g4 Qc7 17. Qe1 f6 18. exf6 Bxf6 19. Rb1 e5 20. f5 d4 21. Bf2 Rbe8 22. Bg3
Qb6 23. c3 h6 24. h4 Bd8 25. c4 h5 26. Ng5 Nf6 27. gxh5 Bc8 28. h6 gxh6 29. Ne4
Ng4+ 30. Kg1 Ne3 31. Rf3 Bxf5 32. Nd6 Re7 33. Bh2 Rg7 34. Rg3 Bg4 35. Bh3 Ne7
36. Bxg4 Nxg4 37. Ne4 Nf5 38. Rg2 Bxh4 39. N2g3 Nfe3 40. Re2 Qg6 41. Ra1 Nxh2
42. Kxh2 Bxg3+ 43. Nxg3 Rf3 44. Ra8+ Kh7 45. Qg1 Rxg3 46. Qe1 Qh5# 0-1

[Event "SZCZYRK OPEN - TURNIEJ Z OKAZJI SWIETA NIEPODLEGLOSCI - BLITZ 3'+2'' "]
[Site "Szczyrk"]
[Date "2018-11-11"]
[Round "3.4"]
[White "Piotrowski, Przemyslaw "]
[Black "Iwanczuk, Krzysztof"]
[Result "1-0"]
[WhiteTitle ""]
[BlackTitle ""]
[WhiteElo "2287"]
[BlackElo "1735"]

1. d4 Nf6 2. Nf3 g6 3. g3 Bg7 4. Bg2 O-O 5. O-O d6 6. c4 Nc6 7. Nc3 a6 8. b3 Rb8
9. Nd5 Nh5 10. Bb2 e6 11. Ne3 Bd7 12. Qd2 b5 13. cxb5 axb5 14. Rac1 Qc8 15. d5
exd5 16. Nxd5 Re8 17. Bxg7 Kxg7 18. Rxc6 Bxc6 19. Qc3+ Kg8 20. Qxc6 Rxe2 21. Nd4
Re8 22. Nxc7 Rd8 23. Ndxb5 Qf5 24. Nd5 Kg7 25. Nxd6 Qe6 26. Qc3+ f6 27. Nc4 Rxd5
28. Bxd5 Qxd5 29. Qd2 Qb7 30. Re1 f5 31. Nd6 Qb6 32. Re7+ Kf8 33. Rf7+ Kg8 34.
Qh6 1-0

[Event "SZCZYRK OPEN - TURNIEJ Z OKAZJI SWIETA NIEPODLEGLOSCI - BLITZ 3'+2'' "]
[Site "Szczyrk"]
[Date "2018-11-11"]
[Round "3.5"]
[White "Sulkowski, Andrzej "]
[Black "Kowalczyk, Rafal "]
[Result "0-1"]
[WhiteTitle ""]
[BlackTitle ""]
[WhiteElo "1693"]
[BlackElo "2286"]

1. d4 Nf6 2. c4 e6 3. Nf3 b6 4. g3 Ba6 5. Qc2 c5 6. e3 Nc6 7. Bg2 Be7 8. O-O O-O
9. Rd1 Bb7 10. Nc3 Rc8 11. a3 d6 12. d5 Nb8 13. e4 e5 14. Nh4 g6 15. f4 exf4 16.
Bxf4 Nbd7 17. Nf3 Nh5 18. Bd2 Bf6 19. Nb5 Ne5 20. Nxe5 Bxe5 21. Bc3 Bxc3 22. Nxc3
Qe7 23. Rf1 Qe5 24. Qd3 Ba6 25. b3 Rce8 26. Rae1 Nf6 27. Qf3 Kg7 28. Kh1 Bc8 29.
Qd3 Ng4 30. Rf3 Qh5 31. h3 Ne5 32. Qf1 Nxf3 33. Qxf3 Qxf3 34. Bxf3 f5 35. Kg2
Re5 36. Re2 a6 37. a4 Rfe8 38. h4 fxe4 39. Rxe4 Rxe4 40. Nxe4 Rd8 41. Kf2 Bf5
42. Nc3 Kf6 43. Bd1 Ke5 44. Ke3 h5 45. Ne2 Bg4 46. Bc2 Bxe2 47. Kxe2 g5 48. hxg5
Rg8 49. g6 Kd4 50. Kd2 Rg7 51. Bb1 Re7 52. Bc2 Re8 53. Bb1 Rf8 54. Bc2 Rf2+ 55.
Kd1 Rg2 56. Ke1 Rxg3 57. Kf2 Rg5 58. Kf3 Ke5 59. Bd3 h4 60. Ke3 h3 61. Ke2 h2
0-1

[Event "SZCZYRK OPEN - TURNIEJ Z OKAZJI SWIETA NIEPODLEGLOSCI - BLITZ 3'+2'' "]
[Site "Szczyrk"]
[Date "2018-11-11"]
[Round "3.6"]
[White "Marszalek, Maciej"]
[Black "Dylag, Emilia"]
[Result "1/2-1/2"]
[WhiteTitle ""]
[BlackTitle ""]
[WhiteElo "2259"]
[BlackElo "1668"]

1. d4 Nf6 2. Nf3 g6 3. g3 Bg7 4. Bg2 O-O 5. O-O d6 6. b3 Nbd7 7. Bb2 c6 8. Nbd2
Qc7 9. e4 e5 10. Re1 Re8 11. Nc4 b5 12. dxe5 bxc4 13. exf6 Nxf6 14. e5 dxe5 15.
Nxe5 Bb7 16. Nxc4 Rxe1+ 17. Qxe1 Re8 18. Qd1 Rd8 19. Qf3 Nd5 20. Bxg7 Kxg7 21.
Re1 f6 22. h4 Bc8 23. Ne3 Nxe3 24. Qxe3 a5 25. a4 Bf5 26. Qc5 Rd7 27. h5 Qd6 28.
Qc3 c5 29. hxg6 hxg6 30. Be4 Bxe4 31. Rxe4 Qd1+ 32. Re1 Qd2 33. Re7+ Kh6 34. Qxd2+
Rxd2 35. Ra7 Rxc2 36. Rxa5 Rc3 37. Rb5 c4 38. b4 Ra3 39. a5 c3 40. Rc5 Rb3 41.
a6 Rxb4 42. Rxc3 Ra4 43. Rc6 Kg7 44. Kg2 Kf7 45. Rc7+ Ke6 46. a7 Kf5 47. Kh3 Ra3
48. f3 g5 49. Kg2 Ra2+ 50. Kh3 Ra3 51. g4+ Kf4 52. Kg2 Ra2+ 53. Kg1 Kxf3 54. Rf7
Kxg4 55. Rxf6 Rxa7 56. Rb6 Kh4 57. Rb3 g4 58. Rc3 g3 59. Rc8 Ra2 1/2-1/2

[Event "SZCZYRK OPEN - TURNIEJ Z OKAZJI SWIETA NIEPODLEGLOSCI - BLITZ 3'+2'' "]
[Site "Szczyrk"]
[Date "2018-11-11"]
[Round "3.7"]
[White "Plichta, Olga"]
[Black "Faron, Rafal "]
[Result "0-1"]
[WhiteTitle ""]
[BlackTitle ""]
[WhiteElo "1300"]
[BlackElo "2207"]

1. e4 Nf6 2. Nc3 e5 3. Bc4 Nc6 4. d3 Na5 5. Bb3 Nxb3 6. axb3 d5 7. exd5 Nxd5 8.
Nf3 Nxc3 9. bxc3 Bd6 10. O-O O-O 11. Re1 Re8 12. Ba3 Bg4 13. Re3 f5 14. h3 Bh5
15. Re1 e4 16. dxe4 fxe4 17. g4 exf3 18. Qd5+ Bf7 19. Qxf3 Rxe1+ 20. Rxe1 Bxa3
21. b4 Qd5 22. Qg3 Rf8 23. Qxc7 Qc6 24. Qg3 Bb2 25. Re3 a5 26. bxa5 Qa4 27. Qc7
Qc6 28. Qg3 Qc5 29. Re5 Qxc3 30. Re3 Qxa5 31. Rb3 Be5 32. Qe3 Bxb3 33. Qxb3+ Rf7
34. Qe3 Qc3 35. Qe4 Qd4 36. Qe2 Qf4 37. Qb5 Qxf2+ 0-1

[Event "SZCZYRK OPEN - TURNIEJ Z OKAZJI SWIETA NIEPODLEGLOSCI - BLITZ 3'+2'' "]
[Site "Szczyrk"]
[Date "2018-11-11"]
[Round "3.8"]
[White "Goluch, Piotr"]
[Black "Kukula, Karol"]
[Result "1-0"]
[WhiteTitle ""]
[BlackTitle ""]
[WhiteElo "2205"]
[BlackElo "1644"]

1. e4 c5 2. c3 d5 3. exd5 Qxd5 4. d4 g6 5. Nf3 Bg7 6. Na3 cxd4 7. Bc4 Qd8 8. Nb5
Nc6 9. Bf4 e5 10. Bg5 Nge7 11. O-O O-O 12. cxd4 a6 13. Nc3 Nxd4 14. Nxd4 Qxd4
15. Bxe7 Qxc4 16. Bxf8 Bxf8 17. Nd5 Be6 18. Nb6 1-0

[Event "SZCZYRK OPEN - TURNIEJ Z OKAZJI SWIETA NIEPODLEGLOSCI - BLITZ 3'+2'' "]
[Site "Szczyrk"]
[Date "2018-11-11"]
[Round "3.9"]
[White "Buchta, Agnieszka"]
[Black "Duda, Lukasz "]
[Result "0-1"]
[WhiteTitle ""]
[BlackTitle ""]
[WhiteElo "1586"]
[BlackElo "2201"]

1. e4 e6 2. d4 d5 3. e5 c5 4. c3 Nc6 5. a3 Qb6 6. Nf3 Nge7 7. b4 cxd4 8. cxd4 Nf5
9. Be3 Bd7 10. Bd3 Be7 11. Bxf5 exf5 12. Nc3 Be6 13. O-O h6 14. Ne1 Qd8 15. Rc1
Rc8 16. Na4 b6 17. Nd3 O-O 18. Qd2 Bg5 19. Bxg5 Qxg5 20. f4 Qh4 21. Qe3 Nb8 22.
Nc3 Qe7 23. Nb5 Rxc1 24. Rxc1 Rc8 25. Nd6 Rxc1+ 26. Qxc1 Kf8 27. Nf2 Qd7 28. Qc2
Qc6 29. Qd2 0-1

[Event "SZCZYRK OPEN - TURNIEJ Z OKAZJI SWIETA NIEPODLEGLOSCI - BLITZ 3'+2'' "]
[Site "Szczyrk"]
[Date "2018-11-11"]
[Round "3.10"]
[White "Sroka, Janusz"]
[Black "Szafranski, Maciej "]
[Result "1-0"]
[WhiteTitle ""]
[BlackTitle ""]
[WhiteElo "2133"]
[BlackElo "1548"]

1. e4 c5 2. Nc3 a6 3. a4 e6 4. Bc4 d6 5. f4 Nf6 6. d3 d5 7. Bb3 Be7 8. e5 Nfd7
9. Nf3 Nc6 10. O-O b6 11. Kh1 Bb7 12. Qe1 O-O 13. Bd2 Qc7 14. Qg3 d4 15. Ne4 b5
16. Rae1 Na5 17. Ba2 bxa4 18. Nh4 Bxh4 19. Qxh4 Bxe4 20. Rxe4 Rab8 21. f5 exf5
22. Rxf5 g6 23. Bh6 Rfe8 24. Bxf7+ Kh8 25. Rf1 Rxe5 26. Qf4 Rf5 27. Qxf5 gxf5
28. Re7 Qd6 29. Bg5 Nf6 30. Re6 Qxe6 31. Bxe6 Kg7 32. Rxf5 Kg6 33. h4 Nh5 34.
Rxc5 Nb7 35. Rc6 Kg7 36. g4 Ng3+ 37. Kg2 Ne2 38. Rc7+ Kf8 39. Bh6+ Ke8 40. Kf3
Nc1 41. Bxc1 Nd6 42. Bf4 Nb5 43. Rxh7 Rd8 44. Bc4 1-0

[Event "SZCZYRK OPEN - TURNIEJ Z OKAZJI SWIETA NIEPODLEGLOSCI - BLITZ 3'+2'' "]
[Site "Szczyrk"]
[Date "2018-11-11"]
[Round "3.11"]
[White "Grzadka, Artur "]
[Black "Korbal, Arkadiusz"]
[Result "0-1"]
[WhiteTitle ""]
[BlackTitle ""]
[WhiteElo "1287"]
[BlackElo "2099"]

1. d4 Nf6 2. c4 c5 3. d5 e6 4. Nc3 exd5 5. Nxd5 Nxd5 6. Qxd5 Nc6 7. a3 d6 8. Nf3
Be6 9. Qd1 Be7 10. Bf4 Bxc4 11. Qc2 Be6 12. e3 O-O 13. Bd3 g6 14. Bh6 Re8 15.
O-O d5 16. Rad1 Rc8 17. Qc3 Bf6 18. Qxc5 Nd4 19. Qb4 Nxf3+ 20. gxf3 Qb6 21. Qxb6
axb6 22. Bf4 Bxb2 23. Rb1 Bxa3 24. Rxb6 Re7 25. Rfb1 Bh3 26. Bf1 Bf5 27. R1b3
Bc5 28. Rxb7 Rxb7 29. Rxb7 d4 30. exd4 Bxd4 31. Rb4 Bc5 32. Rb3 h5 33. Ba6 Rc6
34. Bb7 Re6 35. Kg2 Re2 36. Be3 Bd6 37. Ba6 Ra2 38. Bc4 Rc2 39. Bf1 h4 40. h3
Be6 41. Rd3 Be5 42. Rd8+ Kg7 43. Rd1 f5 44. f4 Bf6 45. Ra1 Bd5+ 46. Kh2 Bxa1 47.
Bg2 Bxg2 48. Kxg2 Kf6 49. Kf3 Ke6 50. Kg2 Kd5 51. Kf3 Rc3 52. Kg2 Ke4 53. Kf1
Kf3 54. Kg1 Rxe3 0-1

[Event "SZCZYRK OPEN - TURNIEJ Z OKAZJI SWIETA NIEPODLEGLOSCI - BLITZ 3'+2'' "]
[Site "Szczyrk"]
[Date "2018-11-11"]
[Round "3.12"]
[White "Chylewski, Patryk"]
[Black "Derylo, Kamil"]
[Result "1-0"]
[WhiteTitle ""]
[BlackTitle ""]
[WhiteElo "2097"]
[BlackElo "1536"]

1. c4 e5 2. Nc3 Nf6 3. e3 Nc6 4. Nf3 d5 5. cxd5 Nxd5 6. Bb5 Nxc3 7. bxc3 Bd6 8.
d4 e4 9. Nd2 Bf5 10. d5 a6 11. Ba4 b5 12. Bc2 Na5 13. Nxe4 Bxe4 14. Bxe4 Nc4 15.
Qc2 Qf6 16. Bb2 Be5 17. Rc1 b4 18. Qa4+ Kd8 19. Qxb4 Nxb2 20. Qxb2 Ke7 21. d6+
Bxd6 22. Bxa8 Rxa8 23. O-O Qh4 24. g3 Qc4 25. Qb7 Re8 26. Rfd1 g6 27. Qd5 Qa4
28. Rd2 Kf8 29. Qd4 Qd7 30. Qh8+ Ke7 31. Qxh7 Qe6 32. Qh4+ f6 33. Qh7+ Kd8 34.
Rcd1 g5 35. Qd3 Ke7 36. Qxa6 Rh8 37. Qf1 Qe4 38. Qg2 Qc4 39. Qd5 Qg4 40. Rd4 Qh3
41. Qg2 Qf5 42. Qe4+ 1-0